00421nam a2200157Ia 4500003000400000008004100004040001600045082001800061100001600079245003500095260005100130300000800181650001900189650001900208650003600227GCL140319s9999 xx 000 0 eng d aGCL / cGCL04a759.0216bL R1 aLING, ROGER10aROMAN PAINTING / cLING, ROGER a[S.N] : bCAMBRIDGE UNIVERSITY PRESS ، c1991 a24504aROMANESQUE ART04aROMAN PAINTING04aEUROPE - ANCIENT WALL PAINTINGS